| 000 | 00341nam a2200133Ia 4500 | ||
|---|---|---|---|
| 008 | 220217s9999||||xx |||||||||||||| ||und|| | ||
| 020 | _a81-222-0048-6 | ||
| 082 | _a001 DEV | ||
| 100 | _aDevi, Shakunthala | ||
| 245 | 0 | _aMore puzzles | |
| 260 |
_aOrient paper backs _bDelhi _c2004 |
||
| 300 | _b65 | ||
| 650 | _aEXAM BOOKS/GRE/CAT/GATE | ||
| 999 |
_c173162 _d173162 |
||